| 000 | 01021cim a2200349 a 4500 | ||
|---|---|---|---|
| 999 |
_c8128 _d8128 |
||
| 001 | 8128 | ||
| 003 | BD-JhCC | ||
| 005 | 20190321094824.0 | ||
| 008 | 050503s2005 enknnn in n eng d | ||
| 020 | _a0007200102 | ||
| 035 | _aCONN132010 | ||
| 035 | _a(BD-JhCC)8128 | ||
| 035 | _a4075395 | ||
| 040 |
_aBD-JhCC _dBD-JhCC |
||
| 041 | _aeng | ||
| 082 |
_bCAN 2005 _a158 |
||
| 090 |
_aOxf _b070015839890 |
||
| 100 | 1 |
_aCanfield, Jack, _d1944- |
|
| 245 | 1 | 4 |
_aThe success principles : _cJack Canfield with Janet Switzer ; read by the author. |
| 260 |
_aLondon : _bHarperCollins, _c2005. |
||
| 300 |
_a4 sound cassettes (ca. 6 hr., 30 min) : _bdigital, stereo ; _c4 3/4 in. |
||
| 490 | 0 | _aThorsons Element audio books | |
| 500 | _aIn 2 containers. | ||
| 500 | _aTitle from containers. | ||
| 500 | _aAbridged by Steven Padnick. | ||
| 650 | 0 | _aSuccess. | |
| 650 | 0 | _aSuccess -- Psychological aspects. | |
| 700 | 1 |
_aSwitzer, Janet, _d1953- |
|
| 700 | 1 | _aPadnick, Steven. | |
| 942 |
_2ddc _cBK |
||